Codependent no more : how to stop controlling others and start caring for yourself

Bibliographic Details
Main Author: Beattie, Melody
Format: Book
Published: Melbourne : Collins Dove , 1989
Subjects:

MARC

LEADER 00000cam a2200000 7i4500
001 0000005263
005 20020904.0
020 |a 0859247813 
090 0 0 |a 616.86   |b BEA 
100 1 |a Beattie, Melody 
245 1 0 |a Codependent no more :   |b how to stop controlling others and start caring for yourself   |c Melody Beattie 
260 |a Melbourne :   |b Collins Dove ,   |c 1989 
300 |a 255p. ;   |c 21cm. 
650 0 0 |a Codependency 
650 0 0 |a Self-care, Health 
650 0 0 |a Substance abuse   |x Family   |x Family relations 
999 |a 037701   |b BUKU   |c PINJAMAN   |e PERPUSTAKAAN KOMUNITI PETALING JAYA